000 005370000a22001930004500
001 002581
003 MACL
005 20150708132537.0
008 150708b xxu||||| |||| 00| 0 eng d
040 _aMACL
_cMACL
041 _aEnglish
082 _a305.4
100 _aMumukshnanda, Swami
_91414
245 _aEminent Indian Women
_bFrom the Vedic Age to the Present
_cSwami Mumukshnanda
260 _aKolkata
_c2005
_bAdvaita Ashrama(Publication Department),
350 _a40
650 _aSocial Science
_91415
942 _k305
_cBK
_2ddc
999 _c14490
_d14490